|
|
|
|
| LEADER |
01328nam a2200265 a 4500 |
| 001 |
GR-Patra34351 |
| 003 |
GR-PaULI |
| 005 |
20230426112435.0 |
| 008 |
131018s2010 nyu e 000 b eng d |
| 952 |
|
|
|0 0
|1 0
|2 ddc
|4 0
|6 070_909050000000000_HEI
|7 1
|9 316526
|a LISK
|b LISK
|c BSC
|d 2021-01-17
|e 24
|f 0
|g 0.00
|l 0
|o 070.90905 HEI
|p 92410052296
|r 2021-01-17 00:00:00
|t 1
|w 2021-01-17
|y BKN
|x 20131018 0 0
|x GrPaTEI
|
| 952 |
|
|
|0 0
|1 0
|2 ddc
|4 0
|6 070_909000000000000_05_HEI
|7 0
|9 316527
|a LISP
|b LISP
|c BSC
|d 2021-01-17
|e 24
|f
|g 0.00
|i 52295
|l 0
|o 070.909 05 HEI
|p 025000301825
|r 2021-01-17 00:00:00
|t 2
|v 2021.00
|w 2021-01-17
|y BK15
|e
|x
|x GrPaTEI
|
| 999 |
|
|
|c 180226
|d 180226
|
| 020 |
|
|
|a 9780415882705
|q
|
| 040 |
|
|
|a GrPaTEI
|b gre
|c GR-PaULI
|e AACR2
|
| 082 |
0 |
4 |
|a 070.909 05
|2 23
|
| 100 |
1 |
|
|a Heinrich, Ansgard
|9 197502
|e συγγραφέας.
|
| 245 |
1 |
0 |
|a Network journalism :
|b journalistic practice in interactive spheres /
|c Ansgarth Heinrich.
|
| 260 |
|
|
|a New York :
|b Routledge,
|c 2010.
|
| 300 |
|
|
|a ix, 272 σ. ;
|c 23 εκ.
|
| 490 |
1 |
|
|a Routledge research in journalism
|
| 504 |
|
|
|a Περιλαμβάνει βιβλιογραφικές παραπομπές και ευρετήριο.
|
| 650 |
|
4 |
|a Δημοσιογραφία
|9 106491
|x Ιστορία
|
| 830 |
|
0 |
|9 197503
|a Routledge research in journalism
|v 3
|
| 942 |
|
|
|2 ddc
|c BK
|
| 998 |
|
|
|c ΜΠΟΥΡΑΣ
|d 2023-04
|